<?xml version="1.0" encoding="UTF-8"?>
<record
    xmlns:xsi="http://www.w3.org/2001/XMLSchema-instance"
    xsi:schemaLocation="http://www.loc.gov/MARC21/slim http://www.loc.gov/standards/marcxml/schema/MARC21slim.xsd"
    xmlns="http://www.loc.gov/MARC21/slim">

  <leader>01278cam a22003251  4500</leader>
  <controlfield tag="001">sa 66001427 </controlfield>
  <controlfield tag="003">DLC</controlfield>
  <controlfield tag="005">20260227112222.0</controlfield>
  <controlfield tag="008">900828s1964    ii       b    001 0 prao </controlfield>
  <datafield tag="010" ind1=" " ind2=" ">
    <subfield code="a">sa 66001427 </subfield>
  </datafield>
  <datafield tag="035" ind1=" " ind2=" ">
    <subfield code="a">(OCoLC)22286971</subfield>
  </datafield>
  <datafield tag="040" ind1=" " ind2=" ">
    <subfield code="a">DLC</subfield>
    <subfield code="c">WaU</subfield>
    <subfield code="d">DLC</subfield>
  </datafield>
  <datafield tag="041" ind1="0" ind2=" ">
    <subfield code="a">praenghinsan</subfield>
  </datafield>
  <datafield tag="050" ind1="0" ind2="0">
    <subfield code="a">BL1316.K85</subfield>
    <subfield code="b">P7 1964</subfield>
  </datafield>
  <datafield tag="100" ind1="0" ind2=" ">
    <subfield code="a">Kundakunda.</subfield>
  </datafield>
  <datafield tag="245" ind1="1" ind2="0">
    <subfield code="a">Pravacanas&#x101;ra&#x1E25;.</subfield>
  </datafield>
  <datafield tag="260" ind1=" " ind2=" ">
    <subfield code="c">[1964]</subfield>
  </datafield>
  <datafield tag="300" ind1=" " ind2=" ">
    <subfield code="a">32, 130, 444 p.</subfield>
    <subfield code="c">25 cm.</subfield>
  </datafield>
  <datafield tag="500" ind1=" " ind2=" ">
    <subfield code="a">Added t. p. in English.</subfield>
  </datafield>
  <datafield tag="500" ind1=" " ind2=" ">
    <subfield code="a">Includes commentaries by Amr&#x325;tacandra, Jaya&#x1E63;ena and Hemar&#x101;ja.</subfield>
  </datafield>
  <datafield tag="500" ind1=" " ind2=" ">
    <subfield code="a">English and Prakrit; commentaries in Sanskirt or Hindi; pref., contents, introd., critical apparatus and index in English.</subfield>
  </datafield>
  <datafield tag="500" ind1=" " ind2=" ">
    <subfield code="a">The introduction to this work, along with other papers, was submitted by the editor for the D. Litt degree, Bombay University, 1939.</subfield>
  </datafield>
  <datafield tag="504" ind1=" " ind2=" ">
    <subfield code="a">Bibliographical footnotes.</subfield>
  </datafield>
  <datafield tag="600" ind1="0" ind2="0">
    <subfield code="a">Kundakunda.</subfield>
    <subfield code="t">Pravacanas&#x101;ra&#x1E25;.</subfield>
  </datafield>
  <datafield tag="700" ind1="1" ind2=" ">
    <subfield code="a">Up&#x101;dhye, &#x100;. Ne.</subfield>
    <subfield code="q">(&#x100;din&#x101;tha Nemin&#x101;tha),</subfield>
    <subfield code="d">1906-1975.</subfield>
  </datafield>
  <datafield tag="700" ind1="0" ind2=" ">
    <subfield code="a">Amr&#x325;tacandra,</subfield>
    <subfield code="d">active 10th century.</subfield>
    <subfield code="t">Tattvad&#x12B;pik&#x101;.</subfield>
  </datafield>
  <datafield tag="700" ind1="0" ind2=" ">
    <subfield code="a">Jayasena,</subfield>
    <subfield code="d">active 12th century.</subfield>
    <subfield code="t">T&#x101;tparyavr&#x325;tti.</subfield>
  </datafield>
  <datafield tag="700" ind1="1" ind2=" ">
    <subfield code="a">P&#x101;&#x1E47;&#x1E0D;e, Hemar&#x101;ja,</subfield>
    <subfield code="d">active 1653-1668.</subfield>
    <subfield code="t">B&#x101;labodhin&#x12B;.</subfield>
  </datafield>
  <datafield tag="740" ind1="0" ind2=" ">
    <subfield code="a">Pravaya&#x1E47;as&#x101;ra.</subfield>
  </datafield>
  <datafield tag="999" ind1=" " ind2=" ">
    <subfield code="c">67803</subfield>
    <subfield code="d">67803</subfield>
  </datafield>
</record>
